01011nam a2200229 a 450000100060000000300090000600800410001504000280005608200170008410000430010124500890014426000620023330000100029549000410030565000360034665000340038265000280041694200120044499900170045695201520047395201560062510452CO-ViMGA141112s2004 ck r 000 u spa d aCO-ViMGAbspacCO-ViMGA04aCo860.4 M3851 aGonzalez Martinez ; Serafín, 91400110aLa Imaginación liberal : bHipótesis para la lectura de "La otra raya del Tigre" aSantafé de Bogotá : bInstituto Caro y Cuervo, c1994 a118p. aCuadernos del Seminario Andres Bello14aCRITICA E INTERPRETACION95514014aLA OTRA RAYA DEL TIGRE91400214aNOVELA COLOMBIANA91193 2ddccBK c21788d21788 00102ddc40708003aMEVIECARbMEVIECARd2015-12-04hVolumen. 1 | 11/jun/2009l0oCo860.4 M385 p10452r2015-12-04 00:00:00tEj. 1w2015-12-04yBK 00102ddc40708003aMEVIECARbMEVIECARd2015-12-04hVolumen. 1 | 11/jun/2009l0oCo860.4 M385 p10452 - 1r2017-06-28 00:00:00tEj. 2w2015-12-04yBK